Дело об оставлении, по высочайшему повелению, на будущий сезон итальянской оперы и об отпуске на содержание её из Кабинета его в...

Доступно только в Электронных читальных залах Найти на картеНа карте
RUSMARC
00003822nmc2a22000003x 450
001dafc6392-af1f-4b70-9ed4-327594fe4a97
00520181228000830.0
100##$a20170703l18481849k l0rusy0189 ca
1010#$arus
102##$aRU
2001#$aДело об оставлении, по высочайшему повелению, на будущий сезон итальянской оперы и об отпуске на содержание её из Кабинета его величества 98998 рублей серебром и о прочем
$j16 января 1848 г. - 7 июня 1849 г.
251##$cДело
300##$aПо Санкт-Петербургской дирекции за 1848 год
300##$aДело
801#0$aRU
$bРГИА
$c20170703
$gRCR
801#1$aRU
$bГлавНИВЦ
$c20170703
$2rusmarc
801#2$aRU
$bПБ им. Б.Н. Ельцина
$c20181228
$gRCR
$2rusmarc
850##$aРГИА
852##$aРГИА
$eФедеральное казенное учреждение "Российский государственный исторический архив" (РГИА)
$j11760
937##$hРГИА
$d12247049
$aASBIBLIO_SCAN
462#0$1001dd3991dc-24e1-42ec-8838-ca4255420416
$12001
$a1746-1850 гг.
$1251
$cОпись
$1852
$j1
461#0$10019264ebf8-de62-4f1a-9eb4-9f22098dbbd5
$12001
$aДирекция императорских театров МИДв
$1251
$cФонд
$1852
$j497
215##$a68 л.
$d36,5х26 см
371##$aДокумент не является опубликованным и широко распространяемым
105##$ay###
1222#$ad
035##$adafc6392-af1f-4b70-9ed4-327594fe4a97
856##$uhttp://readingroom.main.prlib.ru/item.aspx?id_node=n122581245&mode=full
Формат отображения